00560 2200205 4500001002100000005001500021035002000036007000300056008004100059020002200100082001100122084001700133100001300150245005400163250001100217260003000228300003300258650003300291504003000324INLIS00000000000153020180212020348 a0010-0218000125ta180212 g 0 ind  a978-979-1283-06-9 a303.38 a303.38 ERI t0 aERIYANTO1 aTeknik Sampling Analisis Opini Publik /cEriyanto acet. 1 aYogyakarta :bLKiS,c2007 axii, 350 Hlm ;c14,5 x 21 cm aTEKNIK SAMPLING OPINI PUBLIK aBibliografi : Hlm 343-345